| 000 | 00842nam a2200205 u 4500 | ||
|---|---|---|---|
| 001 | 000367659 | ||
| 003 | AM-YeHGA | ||
| 005 | 20250617131823.0 | ||
| 008 | 041008s1981 ||||||||||||||||||||rus d | ||
| 040 | _aAM-YeHGA | ||
| 041 | 0 | _arus | |
| 245 | 0 | 0 |
_aРегиональные проблемы взаимодействия энергетики и экономики : _bСб. статей / _cУральский научный центр АН СССР; Отв. ред. И.Г. Дейч, В.М. Лац. |
| 260 |
_aСвердловск : _bУНЦ АН СССР, _c1981. |
||
| 300 | _a128 с. | ||
| 650 | 1 | 4 | _aОбщая энергетика |
| 700 | 1 |
_aДейч, И.Г. _eред. _4edt |
|
| 700 | 1 |
_aЛац, В.М. _eред. _4edt |
|
| 710 | 2 | _aУральский научный центр Академии Наук СССР | |
| 090 | _c141948 | ||
| 999 |
_c140570 _d140570 |
||